000 00637nam a22002177a 4500
003 UA-OsUOA
001 85693
007 ta
008 20120710b un ||||| |||| 00| 0 ukr d
090 _a352(094)
_bЗ-19
942 _cBK
040 _aUA-OsUOA
_bukr
_cUA-OsUOA
_dUA-OsUOA
245 _aЗакон України Про місцеве самоврядування в Україні
300 _a78 с.
955 _a2
041 _aukr
080 _a352(094)
260 _aК.
_c1997
650 7 _a35 Державно-адміністративне управління. Військова справа
_2UDC
999 _c372005
_d372005